| 000 | 01805na a2200421 4500 | ||
|---|---|---|---|
| 001 | 20265 | ||
| 003 | MIRAKIL | ||
| 005 | 20181213155041.0 | ||
| 008 | 170120b tu 000 0 | ||
| 035 | _a20265 | ||
| 040 |
_aMilas _btur _cTR-AnCHP |
||
| 041 | _atur | ||
| 082 |
_aCHP 324.6 _bC36m 2011 |
||
| 090 | _aBROŞÜR 329 | ||
| 110 |
_aCumhuriyet Halk Partisi (CHP) _bGenel Merkez Hukuk Birimi |
||
| 222 | _aMüşahitler için kılavuz | ||
| 245 |
_aXXIV. dönem milletvekili genel seçimi _bParti yöneticileri ile sandık kurulu üyeleri ve gözlemciler (müşahitler) için ön bilgilendirme notları 2011 _cCumhuriyet Halk Partisi Genel Merkez Hukuk Birimi |
||
| 246 | _aParti yöneticileri ile sandık kurulu üyeleri ve gözlemciler (müşahitler) için ön bilgilendirme notları 2011 | ||
| 246 | _aCHP 2011 seçim kılavuzu | ||
| 246 | _a24. dönem milletvekili genel seçimi, 12 Haziran 2011 | ||
| 260 |
_aAnkara _bCHP _c2011 |
||
| 300 |
_a37 s. _c19 sm. |
||
| 440 |
_aCumhuriyet Halk Partisi yayınları _pKılavuzlar |
||
| 610 |
_aCumhuriyet Halk Partisi (CHP) _xGenel seçimler, 2011 _yKılavuzlar |
||
| 610 |
_aCumhuriyet Halk Partisi (CHP) _xSandık kurulu üyeleri _yKılavuzlar |
||
| 610 |
_aCumhuriyet Halk Partisi (CHP) _xGözlemciler (Müşahitler) _xSeçim işlemleri _yKılavuzlar |
||
| 650 |
_aSeçim hukuku _zTürkiye |
||
| 650 |
_aSeçimler _yHukuk ve mevzuat _zTürkiye |
||
| 655 | _aKılavuz kitaplar | ||
| 657 | _aCHP seçim kılavuzları | ||
| 657 | _aCHP 2011 seçim kılavuzu | ||
| 657 | _aCHP gözlemciler (müşahitler) rehberi | ||
| 740 | _aCHP 2011 sandık kurulu üyeleri ve müşahitler rehberi | ||
| 740 | _aSandık kurulu üyeleri ve müşahitler için rehber | ||
| 830 | _aCHP kılavuzları | ||
| 942 |
_2ddc _cBKS |
||
| 999 |
_c5587 _d5587 |
||